[Event "Dhaka Walton op 07"]
[Site "Dhaka"]
[Date "2018.07.12"]
[Round "9"]
[White "Ahmed, Maynuddin"]
[Black "Md, Nasim Hossain Bhuiy"]
[Result "0-1"]
[WhiteElo "1827"]
[BlackElo "2035"]
[PlyCount "74"]
[EventDate "2018.07.04"]
[EventType "swiss"]
[EventRounds "9"]
[EventCountry "BAN"]
[SourceTitle "EXT 2019"]
[Source "ChessBase"]
[SourceDate "2018.10.10"]
[SourceVersion "1"]
[SourceVersionDate "2018.10.10"]
[SourceQuality "1"]

1. e4 e5 2. Nf3 Nc6 3. Bb5 Bc5 4. 0-0 Nd4 5. Nxd4 Bxd4 6. c3 Bb6 7. d4 c6 8. Ba4 Qf6 9. dxe5 Qxe5 10. Nd2 Nf6 11. Nc4 Qh5 12. Nd6+ Kf8 13. Bb3 Qh4 14. Qf3 Bc7 15. Bf4 Qg4 16. Qe3 Nh5 17. Nxf7 Nxf4 18. g3 Nh3+ 19. Kh1 Bb6 20. Qd3 d5 21. Nxh8 Be6 22. f4 Rd8 23. Bd1 dxe4 24. Qxd8+ Bxd8 25. Bxg4 Bxg4 26. Kg2 Bb6 27. Rae1 e3 28. b4 Nf2 29. Rxf2 exf2 30. Re4 Bh3+ 31. Kxh3 f1Q+ 32. Kg4 h5+ 33. Kg5 Bd8+ 34. Kg6 Qf3 35. Re1 Qg4+ 36. Kh7 Qf5+ 37. Ng6+ Kf7 0-1